Company ain (Record no. 5954)

MARC details
000 -LEADER
fixed length control field 00525cam a2200205ua 4500
001 - CONTROL NUMBER
control field 6811
005 - DATE AND TIME OF LATEST TRANSACTION
control field 20260515114117.0
008 - FIXED-LENGTH DATA ELEMENTS--GENERAL INFORMATION
fixed length control field 140304n ii |||gr||||Z||||||asm
040 ## - CATALOGING SOURCE
Transcribing agency MAIN
082 ## - DEWEY DECIMAL CLASSIFICATION NUMBER
Classification number 346.066
245 ## - TITLE STATEMENT
Title Company ain
Statement of responsibility, etc. By Krishnakanta kalita
250 ## - EDITION STATEMENT
Edition statement 1st ed.
260 ## - PUBLICATION, DISTRIBUTION, ETC.
Place of publication, distribution, etc. Guwahati:
Name of publisher, distributor, etc. University publication department,
Date of publication, distribution, etc. 1994.
300 ## - PHYSICAL DESCRIPTION
Extent x,145p.
653 ## - INDEX TERM--UNCONTROLLED
Uncontrolled term Private law
653 ## - INDEX TERM--UNCONTROLLED
Uncontrolled term Company ain
700 ## - ADDED ENTRY--PERSONAL NAME
Personal name Kalita,Krishnakanta,
Relator term Author.,
700 ## - ADDED ENTRY--PERSONAL NAME
Personal name Baruah,Nayan,
Relator term Author.
942 ## - ADDED ENTRY ELEMENTS (KOHA)
Koha item type Books
Holdings
Withdrawn status Lost status Damaged status Not for loan Home library Current library Shelving location Date acquired Total checkouts Full call number Barcode Date last seen Copy number Price effective from Koha item type
        Naharkatiya College Library Naharkatiya College Library General stacks 09/19/2020   346.066 | KAL 13704 09/19/2020 1 09/19/2020 Books